Adan y Eva (Record no. 173819)

MARC details
000 -LEADER
campo de control de longitud fija 00841namaa22001931 4500
001 - NÚMERO DE CONTROL
campo de control 173819
003 - IDENTIFICADOR DE NÚMERO DE CONTROL
campo de control ES-MaACL
005 - FECHA Y HORA DE LA ÚLTIMA TRANSACCIÓN
campo de control 20250728063136.0
008 - DATOS DE LONGITUD FIJA--INFORMACIÓN GENERAL
campo de control de longitud fija 100122s1861 sp |||| | spa d
040 ## - FUENTE DE CATALOGACIÓN
Centro catalogador/agencia de origen SpMaBN
Lengua de catalogación spa
Centro/agencia transcriptor A2
100 1# - ENTRADA PRINCIPAL--NOMBRE DE PERSONA
Nombre de persona Marco, José,
Fechas asociadas al nombre 1830-1895
9 (RLIN) 129463
245 10 - MENCIÓN DEL TÍTULO
Título Adan y Eva
Resto del título : juguete cómico-lirico en un acto /
Mención de responsabilidad, etc. arreglado del frances por Don José Marco [y Sanchis] ; puesto en musica por Don Francisco de Asis Gil.
260 ## - PUBLICACIÓN, DISTRIBUCIÓN, ETC.
Lugar de publicación, distribución, etc. Madrid :
Nombre del editor, distribuidor, etc. [s.n.],
Fecha de publicación, distribución, etc. 1861 (
Fabricante Imp. Española)
300 ## - DESCRIPCIÓN FÍSICA
Extensión 28 p. ;
Dimensiones 17 cm.
500 ## - NOTA GENERAL
Nota general Solo la letra.
700 1# - ENTRADA AGREGADA--NOMBRE PERSONAL
Nombre de persona Gil, Francisco de Asis.
9 (RLIN) 127312
852 ## - LOCALIZACIÓN
Ubicación ES-MaACL
Número de control de estantería B-8617(1)
Nota libre .- Enc. pasta española
condición física .- Falto de la cub. original
Nota libre .- Enc. en un vol. facticio formando parte de la col. facticia "Teatro español moderno", vol. 72
Holdings
Estatus retirado Estado de pérdida Estado de daño No para préstamo Colección Biblioteca de origen Biblioteca actual Ubicación en estantería Fecha de adquisición Fuente de adquisición Total de préstamos Signatura topográfica completa Código de barras Visto por última vez Precio de reemplazo Tipo de ítem Koha
        Libros del s. XIX Biblioteca del Ateneo de Madrid Biblioteca del Ateneo de Madrid Sala Pecera Planta 2 22/01/2010     F-8617(1) 1182450 23/02/2023 23/02/2023 Libro impreso antiguo